Normal view MARC view

Entry Nombre personal

Number of records used in: 1

001 - NÚMERO DE CONTROL

  • campo de control: 22329

003 - IDENTIFICADOR DEL NÚMERO DE CONTROL

  • campo de control: FranzMayer

005 - FECHA Y HORA DE LA ÚLTIMA TRANSACCIÓN

  • campo de control: 20190320210503.0

008 - DATOS DE LONGITUD FIJA

  • campo de control de longitud fija: 190320|| aca||aabn | a|a d

040 ## - FUENTE DE LA CATALOGACIÓN

  • Centro catalogador/agencia de origen: FranzMayer
  • Centro/agencia transcriptor: FranzMayer

100 ## - ENCABEZAMIENTO-NOMBRE DE PERSONA

  • Nombre de persona: Antonia de la Madre de Dios
  • Títulos y otros términos asociados al nombre: Sor
  • Subdivisión de forma: Biografía

670 ## - FUENTE DE DATOS ENCONTRADOS

  • Cita de la fuente: Work cat.: (FranzMayer): Sánchez de Castro, Joseph Geronymo 22328, Vida de la V. M. Sor Antonia de la Madre de Dios, religiosa Agustina recoleta, y fundadora en el Convento de Santa Monica de la Puebla de los Angeles, y después en el de Nra. Sra. de la Soledad de la Ciudad de Antequera Valle de Oaxaca, 1747